| 000 | 00860nam a22002897a 4500 | ||
|---|---|---|---|
| 003 | CHAP | ||
| 005 | 20220329135312.0 | ||
| 008 | 971013s1939 r 00010 d | ||
| 010 | _a34068 | ||
| 011 | _a35040 | ||
| 035 | _a39156 | ||
| 040 | _cCHAP | ||
| 090 | _aFolleto 663 | ||
| 110 |
_aOficina Internacional del Trabajo _982806 |
||
| 245 | _aCo-operative action in rural life | ||
| 260 |
_aGeneva : _bLeague of Nations, _c1939 |
||
| 300 | _a42 p. | ||
| 490 |
_aEuropean Conference on Rural life _v; 9 |
||
| 590 |
_aBATCH-UPD _b10 _c20130110 _lUCH01 _h1037 |
||
| 590 |
_aCONVERSION _b10 _c20130109 _lUCH01 _h1319 |
||
| 650 | 1 | 4 |
_aAgricultura cooperativa. _91945 |
| 650 | 1 | 4 |
_aCooperativismo. _927786 |
| 830 | 0 |
_aEuropean Conference on Rural life _v; 9 _938886 |
|
| 901 | _aBK | ||
| 942 | _cFOLL | ||
| 949 |
_aFolleto 663 _bBC _cFOLL _d-89409 _eTS1 _i39156 _si |
||
| 999 |
_c34068 _d34068 |
||